Flight Stability and Automatic Control / (Record no. 31923)

000 -LEADER
fixed length control field 01083cam a2200361 a 4500
001 - CONTROL NUMBER
control field 681527
003 - CONTROL NUMBER IDENTIFIER
control field OSt
005 - DATE AND TIME OF LATEST TRANSACTION
control field 20211110131943.0
008 - FIXED-LENGTH DATA ELEMENTS--GENERAL INFORMATION
fixed length control field 880920s1989 nyua b 001 0 eng
010 ## - LIBRARY OF CONGRESS CONTROL NUMBER
LC control number 87032481
020 ## - INTERNATIONAL STANDARD BOOK NUMBER
International Standard Book Number 0070661103
Terms of availability $42.95 (est.)
035 ## - SYSTEM CONTROL NUMBER
System control number (OCoLC)17106068
035 ## - SYSTEM CONTROL NUMBER
System control number (OCoLC)ocm17106068
035 ## - SYSTEM CONTROL NUMBER
System control number (CStRLIN)NYCG88-B67781
035 ## - SYSTEM CONTROL NUMBER
System control number (NNC)681527
038 ## - RECORD CONTENT LICENSOR
Staff Name khadija
040 ## - CATALOGING SOURCE
Modifying agency NNC
Transcribing agency a
050 0# - LIBRARY OF CONGRESS CALL NUMBER
Classification number TL574.S7
Item number N45 2007
082 0# - DEWEY DECIMAL CLASSIFICATION NUMBER
Classification number 629.13236 NEL
Edition number 19
090 ## - LOCALLY ASSIGNED LC-TYPE CALL NUMBER (OCLC); LOCAL CALL NUMBER (RLIN)
Classification number (OCLC) (R) ; Classification number, CALL (RLIN) (NR) TL574.S7
Local cutter number (OCLC) ; Book number/undivided call number, CALL (RLIN) N45 1989
100 1# - MAIN ENTRY--PERSONAL NAME
Personal name Nelson, Robert C.,
Dates associated with a name 1942-
9 (RLIN) 83794
245 10 - TITLE STATEMENT
Title Flight Stability and Automatic Control /
Statement of responsibility, etc. by Robert C. Nelson.
250 ## - EDITION STATEMENT
Edition statement 2nd ed.
260 ## - PUBLICATION, DISTRIBUTION, ETC.
Place of publication, distribution, etc. New York :
Name of publisher, distributor, etc. McGraw-Hill,
Date of publication, distribution, etc. c2010.
300 ## - PHYSICAL DESCRIPTION
Extent xii, 284 p. :
Other physical details ill. ;
Dimensions 25 cm.
504 ## - BIBLIOGRAPHY, ETC. NOTE
Bibliography, etc. note Includes bibliographies and index.
563 ## - BINDING INFORMATION
Binding note PB
650 #0 - SUBJECT ADDED ENTRY--TOPICAL TERM
Topical term or geographic name entry element Stability of airplanes.
9 (RLIN) 83795
650 #0 - SUBJECT ADDED ENTRY--TOPICAL TERM
Topical term or geographic name entry element Airplanes
General subdivision Control systems.
9 (RLIN) 55648
856 ## - ELECTRONIC LOCATION AND ACCESS
Materials specified Table of contents only
Uniform Resource Identifier <a href="http://www.loc.gov/catdir/toc/ecip0716/2007017469.html">http://www.loc.gov/catdir/toc/ecip0716/2007017469.html</a>
942 ## - ADDED ENTRY ELEMENTS (KOHA)
Source of classification or shelving scheme
Koha item type Book
Holdings
Withdrawn status Lost status Source of classification or shelving scheme Damaged status Not for loan Permanent Location Current Location Shelving location Date acquired Total Checkouts Full call number Barcode Checked out Date last seen Date last checked out Price effective from Koha item type
          School of Mechanical & Manufacturing Engineering (SMME) School of Mechanical & Manufacturing Engineering (SMME) Aerospace Engineering 07/13/2015 1 629.13236 NEL SMME-467 08/28/2025 07/29/2025 07/29/2025 07/13/2015 Book
© 2023 Central Library, National University of Sciences and Technology. All Rights Reserved.